Teacher preparation for knowledge society / (Record no. 28431)

MARC details
000 -LEADER
fixed length control field 00957nam a22002657a 4500
005 - DATE AND TIME OF LATEST TRANSACTION
control field 20090720101613.0
008 - FIXED-LENGTH DATA ELEMENTS--GENERAL INFORMATION
fixed length control field 090720t xxu||||| |||| 00| 0 eng d
010 ## - LCCN (DPL NO)
LC control number ENG-94475
020 ## - INTERNATIONAL STANDARD BOOK NUMBER
International Standard Book Number 8189537369
Terms of availability 495.00
035 ## - SYSTEM CONTROL NUMBER
System control number EN-78008
037 ## - SOURCE OF ACQUISITION
Source of stock number/acquisition DBAD / PUB
040 ## - CATALOGING SOURCE
Original cataloging agency dpl
Language of cataloging English
082 ## - DEWEY DECIMAL CLASSIFICATION NUMBER
Classification number 371.1
100 ## - MAIN ENTRY--PERSONAL NAME
Personal name Rajput, J.S.
245 ## - TITLE STATEMENT
Title Teacher preparation for knowledge society /
Statement of responsibility, etc by J.S. Rajput (and) O.S. Dewal
260 ## - PUBLICATION, DISTRIBUTION, ETC. (IMPRINT)
Place of publication, distribution, etc Delhi
Name of publisher, distributor, etc Yash Publications
Date of publication, distribution, etc 2008
270 ## - ADDRESS
Address X/909, Chand Mohalla, Gandhi Nagar,
City Delhi
Postal code 110031
300 ## - PHYSICAL DESCRIPTION
Extent 204p.
Dimensions 23cm(Hb)
500 ## - GENERAL NOTE
General note Includes references
650 ## - SUBJECT ADDED ENTRY--TOPICAL TERM
Topical term or geographic name as entry element Teachers
Geographic subdivision India
650 ## - SUBJECT ADDED ENTRY--TOPICAL TERM
Topical term or geographic name as entry element Education
General subdivision Social aspects
Geographic subdivision India
700 ## - ADDED ENTRY--PERSONAL NAME
Personal name Dewal, O.S.
942 ## - ADDED ENTRY ELEMENTS (KOHA)
Source of classification or shelving scheme Dewey Decimal Classification
Item type English Books
Call number suffix RAJ
Classification part 371.1
Holdings
Withdrawn status Lost status Source of classification or shelving scheme Damaged status Not for loan Collection code Home library Current library Date acquired Source of acquisition Cost, normal purchase price Total Checkouts Full call number Barcode Date last seen Copy number Cost, replacement price Koha item type
    Dewey Decimal Classification   Not For Loan Non-fiction D.B.Act.Division D.B.Act.Division 20/07/2009 DBAD / PUB 495.00   371.1 RAJ EN-78008 20/07/2009 1 495.00 English Books

© Delhi Public Library
Hit Counter
free hit counter